| 000 | 00436nam a2200169Ia 4500 | ||
|---|---|---|---|
| 008 | 221030s9999 xx 000 0 und d | ||
| 020 | _a0074630326 | ||
| 041 | _aEnglish | ||
| 082 |
_a105.23 _bBee |
||
| 100 | _aF. P. Beer | ||
| 245 | 0 |
_aVector Mechanics for Engineers : Dynamics _cby F. P. Beer, E. R. Johnston |
|
| 260 |
_bTMH _aNew Delhi _c1997 |
||
| 300 | _a1045 | ||
| 650 | _aMechanical | ||
| 700 | _aE. R. Johnston | ||
| 942 | _cBK | ||
| 999 |
_c1219 _d1219 |
||